World geography - Top 10 Landforms: trenches, islands, rivers, waterfalls, lakes, mountains, deserts - Statistics

General Stats
  • This quiz has been taken 6,380 times
  • The average score is 29 of 70
Answer Stats
QN Name % Correct
21 Nile – Kagera (6650 km)
95%
51 Sahara (9,400,000 km2)
95%
31 Everest/ Sagarmatha/ Chomolungma (8,848 m)
94%
22 Amazon – Ucayali – Apurímac (6400 km)
92%
11 Greenland (2,130,800 km2)
89%
63 Victoria (69,485 km2)
87%
18 Victoria Island (217,291 km2)
87%
32 K2/Qogir/Godwin Austen (8611 m)
86%
53 Gobi Desert (1,300,000 km2)
84%
1 Challenger Deep/Mariana Trench (11033 m)
82%
14 Madagascar (587,713 km2)
82%
24 Mississippi–Missouri–Jefferson (6275 km)
78%
62 Superior (82,414 km2)
76%
41 Angel Falls (979 m)
73%
61 Caspian Sea (371,000 km2)
72%
26 Yellow River (5464 km)
72%
65 Michigan (58,000 km2)
71%
13 Borneo (748,168 km2)
68%
23 Yangtze (6300 km)
68%
64 Huron (59,600 km2)
65%
67 Baikal (31,500 km2)
64%
29 Congo–Chambeshi (4700 km)
63%
54 Kalahari Desert (900,000 km2)
62%
16 Sumatra (473,481 km2)
61%
12 New Guinea (785,753 km2)
58%
15 Baffin Island (507,451 km2)
57%
17 Honshu (225,800 km2)
57%
19 Great Britain (209,331 km2)
48%
52 Arabian Desert (2,330,000 km2)
47%
27 Ob–Irtysh (5410 km)
43%
69 Malawi (30,044 km2)
40%
20 Ellesmere Island (196,236 km2)
38%
68 Great Bear Lake (31,080 km2)
38%
70 Great Slave Lake (28,930 km2)
37%
66 Tanganyika (32,893 km2)
36%
28 Paraná – Río de la Plata (4880 km)
33%
30 Amur–Argun (4444 km)
32%
7 Japan Trench (9000 m)
29%
40 Annapurna I (8091 m)
26%
25 Yenisei–Angara–Selenge (5539 km)
26%
60 Great Sandy Desert (400,000 km2)
22%
55 Patagonian Desert (670,000 km2)
22%
34 Lhotse (8516 m)
21%
59 Chihuahuan Desert (450,000 km2)
19%
56 Great Victoria Desert (647,000 km2)
19%
58 Great Basin Desert (492,000 km2)
17%
33 Kangchenjunga (8586 m)
16%
39 Nanga Parbat (8126 m)
16%
57 Syrian Desert (520,000 km2)
16%
8 Puerto Rico Trench (8605 m)
15%
36 Cho Oyu (8188 m)
14%
35 Makalu (8485 m)
14%
2 Tonga Trench (10882 m)
14%
38 Manaslu (8163 m)
13%
37 Dhaulagiri I (8167 m)
11%
4 Kuril-Kamchatka Trench (10500 m)
10%
42 Tugela Falls (948 m)
9%
10 South Sandwich Trench (8428 m)
8%
43 Three Sisters Falls (914 m)
8%
9 Yap Trench (8527 m)
8%
50 Browne Falls (836 m)
7%
3 Galathea Depth (10540 m)
7%
6 Izu-Ogasawara Trench (9780 m)
7%
49 James Bruce Falls (840 m)
7%
5 Kermadec Trench (10047 m)
7%
45 Yumbilla Falls (896 m)
7%
46 Vinnufossen (860 m)
6%
47 Balåifossen (850 m)
5%
44 Olo'upena Falls (900 m)
5%
48 Pu'uka'oku Falls (840 m)
4%
No matching quizzes found
Score Distribution
Percent of People with Each Score
Percentile by Number Answered
Your Score History
You have not taken this quiz